|
|
|
|
| LEADER |
00000ny a22000003n 4500 |
| 005 |
20110519131537.0 |
| 008 |
070601s2007 sp a a |0|spa d |
| 017 |
|
|
|a D.L.SE2341-07
|
| 020 |
|
|
|a 9788480047975
|
| 035 |
|
|
|a 5296
|
| 040 |
|
|
|a Lexnova
|d vLex
|
| 080 |
|
|
|a 343.222(460)
|
| 090 |
|
|
|c 50
|d 50
|
| 100 |
1 |
|
|a Renedo Arenal, Mara̕ Amparo
|
| 245 |
1 |
0 |
|a Problemas del imputado en el proceso penal
|h [Recurso electrn̤ico]
|c Mara̕ Amparo Renedo Arenal
|
| 256 |
|
|
|a Servicio en ln̕ea
|
| 260 |
|
|
|a Madrid :
|b Editorial Universitaria Ramn̤ Areces,
|c 2007
|
| 300 |
|
|
|a 448 p. ;
|c 24 cm
|
| 506 |
1 |
|
|a Contenido solo disponible en los productos indicados
|d vLex Global
|d vLex Global (Academic Edition, excluding Law Schools)
|d vLex Global (U.S. Academic Edition, Law Schools)
|d vLex Global (U.S. Academic Edition, excluding Law Schools)
|d vLex Global (Academic Edition, Law Schools)
|
| 650 |
0 |
7 |
|a Derecho penal
|2 Tesauro vLex
|
| 650 |
0 |
7 |
|a Proceso penal
|2 Tesauro vLex
|
| 740 |
0 |
|
|a vLex Libros (Servicios en ln̕ea)
|
| 856 |
4 |
0 |
|u http://vlex.com/source/5296
|z Acceso restringido
|
| 942 |
|
|
|c BOOK
|
| 999 |
0 |
|
|a Criminal Law
|b Spain
|